Paryaavaran aur vikaas (पर्यावरण और विकास) (Record no. 110833)

MARC details
000 -LEADER
fixed length control field 00517nam a2200169Ia 4500
005 - DATE AND TIME OF LATEST TRANSACTION
control field 20241010100737.0
008 - FIXED-LENGTH DATA ELEMENTS--GENERAL INFORMATION
fixed length control field 230117s9999 xx 000 0 und d
080 ## - UNIVERSAL DECIMAL CLASSIFICATION NUMBER
Universal Decimal Classification number 502:330.34 = H
Item number RAN/P
100 ## - MAIN ENTRY--PERSONAL NAME
Personal name Ranajith, .ed
245 #0 - TITLE STATEMENT
Title Paryaavaran aur vikaas (पर्यावरण और विकास)
260 ## - PUBLICATION, DISTRIBUTION, ETC. (IMPRINT)
Name of publisher, distributor, etc Sahitya Ratnakar
Place of publication, distribution, etc Kanpur
Date of publication, distribution, etc 1993
300 ## - PHYSICAL DESCRIPTION
Extent iv,183p.
653 ## - INDEX TERM--UNCONTROLLED
Uncontrolled term Environment - Protection
653 ## - INDEX TERM--UNCONTROLLED
Uncontrolled term Development - Environmental Aspects
700 ## - ADDED ENTRY--PERSONAL NAME
Personal name Bharathendu Prakash
942 ## - ADDED ENTRY ELEMENTS (KOHA)
item type Books
Holdings
Lost status Source of classification or shelving scheme Not for loan Home library Current library Date acquired Cost, normal purchase price Total Checkouts Full call number Barcode Date last seen Cost, replacement price Price effective from Koha item type
  Universal Decimal Classification   University Library University Library 24/02/2023 91.00   502:330.34 = H RAN/P 00094379 24/02/2023 140.00 24/02/2023 Books
University Library, CUSAT